Fundamentals of investment management

Fundamentals of Investment Management 7/e by Hirt and Block establishes the appropriate theoretical base of investments, while at the same time applying this theory to real-world examples. The textbook provides students with a survey of the important areas of investments: valuation, the marketplace,...

全面介紹

Đã lưu trong:
書目詳細資料
主要作者: Hirt, Goeffrey A.
格式: 圖書
語言:Undetermined
出版: Boston McGraw-Hill 2003
主題:
標簽: 添加標簽
沒有標簽, 成為第一個標記此記錄!
Thư viện lưu trữ: Trung tâm Học liệu Trường Đại học Cần Thơ
LEADER 01134nam a2200217Ia 4500
001 CTU_213379
008 210402s9999 xx 000 0 und d
082 |a 332.6 
082 |b H671 
100 |a Hirt, Goeffrey A. 
245 0 |a Fundamentals of investment management 
245 0 |c Goeffrey A. Hirt, Stanley B. Block 
260 |a Boston 
260 |b McGraw-Hill 
260 |c 2003 
520 |a Fundamentals of Investment Management 7/e by Hirt and Block establishes the appropriate theoretical base of investments, while at the same time applying this theory to real-world examples. The textbook provides students with a survey of the important areas of investments: valuation, the marketplace, fixed income instruments and markets, equity instruments and markets, derivative instruments, and a cross-section of special topics, such as international markets and mutual funds 
650 |a Investment,Investment,Investment analysis 
650 |z United States 
904 |i Vương,Qhieu 
910 |a Sách có kèm theo đĩa AV.003823, AV.003832, AV.003829 
980 |a Trung tâm Học liệu Trường Đại học Cần Thơ